00449nam a2200157Ia 450000500170000000800410001708200130005810000130007124500140008426000400009830000120013850000210015094200060017195200990017799900150027620250405111142.0240331s9999 xx 000 0 und d bSIVa894 aSivam, K 0aVelloddam aJaffnabYal. Ilakkiya Vaddamc1986  a72 p ., aTwo Short Novels cL 001040708LaWERCLbWERCLcSSCd2024-03-31l0o 894.811 SIVp2385r2024-03-31w2024-03-31yL c4216d4216